|
|
|
|
| LEADER |
00000nam1a2200000 4500 |
| 001 |
192398 |
| 005 |
20250917071650.0 |
| 010 |
|
|
|a 9785982986245
|
| 035 |
|
|
|a (RuTPU)RU\TPU\book\209801
|
| 090 |
|
|
|a 192398
|
| 100 |
|
|
|a 20110226d2010 m y0rusy50 ca
|
| 101 |
0 |
|
|a rus
|
| 102 |
|
|
|a RU
|
| 200 |
1 |
|
|a Физика. Сборник задач (с решениями)
|e учебное пособие
|f Национальный исследовательский Томский политехнический университет (ТПУ) ; под. ред. Ю. И. Тюрина, В. В. Ларионова, И. П. Чернова
|
| 205 |
|
|
|a 2-е изд.
|
| 210 |
|
|
|a Томск
|c Изд-во ТПУ
|d 2010
|
| 452 |
|
1 |
|0 (RuTPU)RU\TPU\book\212235
|t Физика. Сборник задач (с решениями)
|o учебное пособие
|f Национальный исследовательский Томский политехнический университет (ТПУ) ; под ред. Ю. И. Тюрина, В. В. Ларионова, И. П. Чернова
|c Томск
|n Изд-во ТПУ
|d 2010
|
| 702 |
|
1 |
|a Тюрин
|b Ю. И.
|c физик
|c профессор Томского политехнического университета, доктор физико-математических наук
|f 1950-
|g Юрий Иванович
|4 340
|
| 702 |
|
1 |
|a Ларионов
|b В. В.
|c физик
|c профессор Томского политехнического университета, доктор педагогических наук
|f 1945-
|g Виталий Васильевич
|4 340
|9 11273
|
| 702 |
|
1 |
|a Чернов
|b И. П.
|c физик
|c профессор Томского политехнического университета, доктор физико-математических наук
|f 1935-2025
|g Иван Петрович
|x TPU
|y Томск
|4 340
|9 3694
|
| 712 |
0 |
2 |
|a Национальный исследовательский Томский политехнический университет (ТПУ)
|c (2009- )
|3 (RuTPU)RU\TPU\col\15902
|
| 801 |
|
1 |
|a RU
|b 63413507
|c 20110226
|
| 801 |
|
2 |
|a RU
|b 63413507
|c 20130118
|g RCR
|
| 942 |
|
|
|c BK
|